[Event "Mexican op 70th"]
[Site "Mexico City"]
[Date "2025.04.19"]
[Round "9"]
[White "Gonzalez Arroyo, Lenin"]
[Black "Saldana Subias, Santiago"]
[Result "1-0"]
[WhiteElo "2135"]
[BlackElo "1874"]
[PlyCount "109"]
[EventDate "2025.04.14"]
[EventType "swiss"]
[EventRounds "9"]
[EventCountry "MEX"]
[SourceTitle "CB17_2025"]
[SourceDate "2025.04.23"]
[SourceVersion "1"]
[SourceVersionDate "2025.04.23"]
[SourceQuality "1"]

1. e4 d6 2. d4 Nf6 3. Nc3 c6 4. Be2 Nbd7 5. f4 Qc7 6. Nf3 e5 7. 0-0 b5 8. a3 a5 9. Kh1 Bb7 10. dxe5 dxe5 11. fxe5 Nxe5 12. Bf4 Bd6 13. Bxb5 Rd8 14. Nxe5 Bxe5 15. Bxe5 Qxe5 16. Bd3 0-0 17. Rf5 Qc7 18. Qf3 Bc8 19. Rg5 h6 20. Qg3 Qxg3 21. Rxg3 Ng4 22. Na4 Ne5 23. Nc5 Be6 24. h3 Rfe8 25. a4 Re7 26. Kg1 Kf8 27. b3 Kg8 28. Re1 Kf8 29. Bf1 Bc8 30. Rc3 Rd6 31. Nd3 Bd7 32. Rc5 Nxd3 33. Bxd3 Rg6 34. Re3 Rg5 35. e5 f6 36. Rxa5 Rgxe5 37. Rexe5 Rxe5 38. Rxe5 fxe5 39. a5 Ke7 40. a6 Bc8 41. a7 Bb7 42. Be4 Kd6 43. b4 Kc7 44. b5 cxb5 45. a8Q Bxa8 46. Bxa8 Kd6 47. Kf2 Kc5 48. Ke3 g6 49. Be4 g5 50. Bg6 b4 51. Bf7 Kc6 52. Ke4 Kd6 53. Bb3 h5 54. Bf7 h4 55. Bb3 1-0

[Event "Mexican op 70th"]
[Site "Mexico City"]
[Date "2025.04.15"]
[Round "2"]
[White "Espinosa Veloz, Ermes"]
[Black "Gonzalez Arroyo, Lenin"]
[Result "1/2-1/2"]
[WhiteElo "2494"]
[BlackElo "2135"]
[PlyCount "149"]
[EventDate "2025.04.14"]
[EventType "swiss"]
[EventRounds "9"]
[EventCountry "MEX"]
[SourceTitle "CB17_2025"]
[SourceDate "2025.04.23"]
[SourceVersion "1"]
[SourceVersionDate "2025.04.23"]
[SourceQuality "1"]

1. e4 e5 2. Nf3 Nc6 3. Bc4 Bc5 4. c3 Nf6 5. d3 a6 6. Nbd2 0-0 7. 0-0 d6 8. b4 Ba7 9. a4 Ne7 10. Re1 Ng6 11. Nf1 b5 12. Bb3 Bb7 13. Ng3 d5 14. Bg5 dxe4 15. Nxe4 Bxe4 16. dxe4 Qxd1 17. Raxd1 Ng4 18. Re2 h6 19. Nh4 Kh7 20. Nxg6 fxg6 21. Bh4 g5 22. Bg3 Rae8 23. Rd7 h5 24. h4 bxa4 25. Bxa4 gxh4 26. Bxh4 Bb6 27. c4 Rb8 28. c5 Ba7 29. Be7 Rf7 30. Rb2 Rxe7 31. Rxe7 Bxc5 32. Re8 Rb6 33. Bd1 Bd4 34. Ra2 Nf6 35. Ra8 Rxb4 36. Bf3 Rb1+ 37. Kh2 Rf1 38. g3 Rxf2+ 39. Rxf2 Bxf2 40. Rxa6 c5 41. Kg2 Bd4 42. Be2 Kh6 43. Kf3 Kg5 44. Ra7 g6 45. Ra6 Nh7 46. Bb5 Nf6 47. Bc4 Bc3 48. Bf7 Bd4 49. Rc6 Bg1 50. Kg2 Be3 51. Kf3 Bg1 52. Re6 Bd4 53. Kg2 Bc3 54. Ra6 Bb2 55. Kf3 Bc3 56. Rc6 Bd4 57. Re6 Bc3 58. Ke3 Bb2 59. Kd3 Ba1 60. Kc4 Bd4 61. Kd3 Ba1 62. Ke2 Bb2 63. Rb6 Ba1 64. Kf3 Bc3 65. Bc4 Bd4 66. Be6 Nh7 67. Rb8 Kh6 68. Bd5 Nf6 69. Rf8 Kg5 70. Be6 Bc3 71. Rf7 Bb2 72. Rg7 Kh6 73. Rc7 Bd4 74. Bc4 Kg5 75. Rc6 1/2-1/2

[Event "Mexican op 67th"]
[Site "Chihuahua City"]
[Date "2022.04.16"]
[Round "8"]
[White "Gonzalez Arroyo, Lenin"]
[Black "Galaviz Medina, Sion Radamantys"]
[Result "0-1"]
[WhiteElo "2210"]
[BlackElo "2362"]
[PlyCount "52"]
[EventDate "2022.04.12"]
[EventType "swiss"]
[EventRounds "9"]
[EventCountry "MEX"]
[SourceTitle "CBM 207 Extra"]
[Source "ChessBase"]
[SourceDate "2022.05.31"]
[SourceVersion "1"]
[SourceVersionDate "2022.05.31"]
[SourceQuality "1"]

1. e4 c5 2. Nf3 d6 3. d4 cxd4 4. Qxd4 Nc6 5. Qe3 Nf6 6. Be2 d5 7. e5 Ng4 8. Qf4 g6 9. 0-0 Bg7 10. Bb5 0-0 11. Bxc6 bxc6 12. h3 Nh6 13. Qa4 Qb6 14. Qa3 Nf5 15. Nc3 f6 16. Na4 Qc7 17. exf6 Bxf6 18. Bg5 Bg7 19. Rad1 e5 20. Qc5 e4 21. Nh4 h6 22. Nxf5 Rxf5 23. Be3 Ba6 24. Rfe1 d4 25. Qa3 dxe3 26. Rxe3 Rd8 0-1

[Event "Mexican op 67th"]
[Site "Chihuahua City"]
[Date "2022.04.15"]
[Round "6"]
[White "Benitez Lozano, Javier"]
[Black "Gonzalez Arroyo, Lenin"]
[Result "0-1"]
[WhiteElo "2309"]
[BlackElo "2210"]
[PlyCount "80"]
[EventDate "2022.04.12"]
[EventType "swiss"]
[EventRounds "9"]
[EventCountry "MEX"]
[SourceTitle "CBM 207 Extra"]
[Source "ChessBase"]
[SourceDate "2022.05.31"]
[SourceVersion "1"]
[SourceVersionDate "2022.05.31"]
[SourceQuality "1"]

1. c4 e5 2. Nc3 Nc6 3. Nf3 g6 4. e3 Bg7 5. d4 d6 6. Be2 Nge7 7. d5 Nb8 8. h4 h5 9. b3 a5 10. Bb2 Na6 11. Ng5 Nc5 12. Qc2 Nf5 13. g3 Qe7 14. Bf3 Bd7 15. Nb5 Na6 16. a3 Rc8 17. Rd1 Bxb5 18. cxb5 Nc5 19. b4 axb4 20. axb4 Nd7 21. Ra1 Nb6 22. Ra7 Rb8 23. 0-0 0-0 24. Rc1 Rfc8 25. Bxh5 Bh6 26. Bg4 Bxg5 27. hxg5 Qxg5 28. Bxf5 Qxf5 29. e4 Qh3 30. Qd3 Kg7 31. Qf3 Qd7 32. Ra5 Rh8 33. Rc3 Rh5 34. Bc1 Rbh8 35. Kf1 Na4 36. Rc2 b6 37. Ra7 Rh1+ 38. Ke2 Qxb5+ 39. Kd2 Qxb4+ 40. Kd3 Qb3+ 0-1

[Event "Mexican op 66th"]
[Site "Villahermosa"]
[Date "2021.08.08"]
[Round "8"]
[White "Gonzalez Arroyo, Lenin"]
[Black "Quiroga Garza, Juan Manuel"]
[Result "0-1"]
[WhiteElo "2250"]
[BlackElo "2152"]
[PlyCount "44"]
[EventDate "2021.08.04"]
[EventType "swiss"]
[EventRounds "8"]
[EventCountry "MEX"]
[SourceTitle "CBM 203 Extra"]
[Source "ChessBase"]
[SourceDate "2021.09.30"]
[SourceVersion "1"]
[SourceVersionDate "2021.09.30"]
[SourceQuality "1"]

1. e4 c5 2. Nf3 e6 3. d4 cxd4 4. Nxd4 a6 5. Bd3 Bc5 6. Nb3 Be7 7. 0-0 Qc7 8. Be3 b6 9. Nc3 d6 10. f4 Bb7 11. Qe2 Nd7 12. Rae1 h5 13. Bd4 e5 14. fxe5 dxe5 15. Nd5 Bxd5 16. exd5 exd4 17. d6 Qxd6 18. Qf3 Ra7 19. Qxf7+ Kd8 20. Re6 Nh6 21. Qg6 Qd5 22. Be4 Qg5 0-1

[Event "Mexican op 66th"]
[Site "Villahermosa"]
[Date "2021.08.07"]
[Round "7"]
[White "Mateos Lopez, Luis Javier"]
[Black "Gonzalez Arroyo, Lenin"]
[Result "0-1"]
[WhiteElo "1935"]
[BlackElo "2250"]
[PlyCount "112"]
[EventDate "2021.08.04"]
[EventType "swiss"]
[EventRounds "8"]
[EventCountry "MEX"]
[SourceTitle "CBM 203 Extra"]
[Source "ChessBase"]
[SourceDate "2021.09.30"]
[SourceVersion "1"]
[SourceVersionDate "2021.09.30"]
[SourceQuality "1"]

1. e4 e5 2. Nf3 Nc6 3. Bb5 a6 4. Ba4 Nf6 5. d3 b5 6. Bb3 Bc5 7. Nc3 d6 8. Nd5 h6 9. c3 0-0 10. 0-0 Rb8 11. d4 Ba7 12. h3 Re8 13. Re1 Bb7 14. Be3 exd4 15. Nxd4 Nxd4 16. Bxd4 Bxd4 17. Qxd4 Bxd5 18. Bxd5 Re7 19. Re3 Qe8 20. Rae1 Rd8 21. b4 c6 22. Bb3 Qd7 23. Qb6 Rde8 24. Bc2 Qb7 25. Qxb7 Rxb7 26. Rd1 Rd7 27. Kf1 Kf8 28. Ke2 g5 29. Kf3 Re5 30. Rd2 Ke7 31. Bb3 Kd8 32. Rd1 Kc7 33. Rd2 Rde7 34. Rde2 c5 35. a3 c4 36. Bc2 R7e6 37. Bb1 h5 38. Bc2 g4+ 39. hxg4 Nxg4 40. Kf4 Rf6+ 41. Kg3 Nxe3 42. Rxe3 Rg5+ 43. Kh4 Rxg2 44. Kxh5 Rfxf2 45. Bd1 Rf1 46. Bg4 Rh1+ 47. Bh3 Rg8 48. Rf3 Kd8 49. Kh4 Ke7 50. Kh5 f6 51. Kh4 f5 52. exf5 Kf6 53. Re3 Rh8+ 54. Kg4 R8xh3 55. Rxh3 Rxh3 56. Kxh3 Kxf5 0-1

[Event "Villahermosa op 3rd"]
[Site "Villahermosa"]
[Date "2014.04.16"]
[Round "2"]
[White "Gonzalez Arroyo, Lenin"]
[Black "Ramirez Alvarez, Alejandro"]
[Result "1-0"]
[WhiteElo "2265"]
[BlackElo "2595"]
[PlyCount "48"]
[EventDate "2014.04.15"]
[EventType "swiss"]
[EventRounds "9"]
[EventCountry "MEX"]
[SourceTitle "CBM 159 Extra"]
[Source "ChessBase"]
[SourceDate "2014.04.24"]
[SourceVersion "1"]
[SourceVersionDate "2014.04.24"]
[SourceQuality "1"]

1. e4 c5 2. Nf3 e6 3. d4 cxd4 4. Nxd4 Nc6 5. Nc3 Qc7 6. Be3 a6 7. Bd3 Nf6 8. 0-0 Nxd4 9. Bxd4 Bc5 10. Bxc5 Qxc5 11. Kh1 d6 12. Qd2 0-0 13. f4 e5 14. Rf3 exf4 15. Qxf4 Be6 16. Raf1 Nd7 17. Rg3 Ne5 18. Rg5 Ng6 19. Qd2 Qb4 20. Qc1 Rac8 21. Ne2 Rfe8 22. c3 Qb6 23. Rg4 Qd8 24. b3 Ne5 1-0

[Event "MEX-ch"]
[Site "Mexico City"]
[Date "2008.08.25"]
[Round "8"]
[White "Gonzalez Arroyo, Lenin"]
[Black "Jason, Alford"]
[Result "1/2-1/2"]
[WhiteElo "2233"]
[BlackElo "2322"]
[PlyCount "113"]
[EventDate "2008.08.22"]
[EventType "swiss"]
[EventRounds "9"]
[EventCountry "MEX"]
[SourceTitle "EXT 2009"]
[Source "ChessBase"]
[SourceDate "2008.11.26"]
[SourceVersion "1"]
[SourceVersionDate "2008.11.26"]
[SourceQuality "1"]

1. e4 c5 2. Nc3 Nc6 3. g3 g6 4. Bg2 e6 5. Nge2 Bg7 6. d3 Nge7 7. Be3 d5 8. Bxc5 d4 9. Bxe7 Qxe7 10. Nb1 Qb4+ 11. Nd2 Qxb2 12. 0-0 0-0 13. f4 e5 14. f5 Qb4 15. a4 f6 16. Nc4 Rb8 17. Kh1 Bd7 18. c3 Qc5 19. Qb3 Kh8 20. fxg6 hxg6 21. Qa3 Qxa3 22. Rxa3 Bg4 23. Bf3 Bxf3+ 24. Rxf3 Rfd8 25. cxd4 Nxd4 26. Nxd4 Rxd4 27. g4 b6 28. Kg2 Rf8 29. Ne3 Bh6 30. Nd5 Bg5 31. Ra2 Kg7 32. Nc7 Kf7 33. a5 Rd7 34. axb6 axb6 35. Nd5 Rb7 36. Ra6 Rfb8 37. Nxf6 Bxf6 38. g5 Rd8 39. Rxf6+ Kg7 40. Raxb6 Rxb6 41. Rxb6 Rxd3 42. Re6 Rd2+ 43. Kg3 Rd3+ 44. Kg4 Rd2 45. h4 Rg2+ 46. Kf3 Rh2 47. Kg3 Re2 48. Rxe5 Kf7 49. Kf3 Rh2 50. Kg3 Re2 51. Kf4 Rf2+ 52. Ke3 Rh2 53. Kd4 Rxh4 54. Kd5 Rh8 55. Kc6 Rd8 56. Ra5 Rh8 57. Re5 1/2-1/2

[Event "Mexican op 54th"]
[Site "Aguascalientes"]
[Date "2008.03.23"]
[Round "9"]
[White "Estrada Nieto, Julian"]
[Black "Gonzalez Arroyo, Lenin"]
[Result "1-0"]
[WhiteElo "2356"]
[BlackElo "2205"]
[PlyCount "59"]
[EventDate "2008.03.18"]
[EventType "swiss"]
[EventRounds "9"]
[EventCountry "MEX"]
[SourceTitle "CBM 123 Extra"]
[Source "ChessBase"]
[SourceDate "2008.05.06"]
[SourceVersion "1"]
[SourceVersionDate "2008.05.06"]
[SourceQuality "1"]

1. e4 e5 2. Nf3 Nc6 3. Bb5 a6 4. Bxc6 dxc6 5. d4 exd4 6. Qxd4 Qxd4 7. Nxd4 Bd7 8. Nc3 c5 9. Nde2 0-0-0 10. Be3 Bc6 11. f3 Bd6 12. 0-0-0 Ne7 13. Bf4 Ng6 14. Bxd6 Rxd6 15. Rxd6 cxd6 16. h4 h5 17. Ng3 Ne7 18. Kd2 d5 19. exd5 Bxd5 20. Re1 Be6 21. Re5 b6 22. Rxh5 Rxh5 23. Nxh5 Nf5 24. g4 Nxh4 25. Ke2 g6 26. Nf4 Kd7 27. Nxe6 fxe6 28. Kf2 e5 29. Kg3 g5 30. Ne4 1-0

[Event "Mexican op 54th"]
[Site "Aguascalientes"]
[Date "2008.03.22"]
[Round "8"]
[White "Gonzalez Arroyo, Lenin"]
[Black "Escobedo Tinajero, Alberto"]
[Result "1-0"]
[WhiteElo "2205"]
[BlackElo "2374"]
[PlyCount "57"]
[EventDate "2008.03.18"]
[EventType "swiss"]
[EventRounds "9"]
[EventCountry "MEX"]
[SourceTitle "CBM 123 Extra"]
[Source "ChessBase"]
[SourceDate "2008.05.06"]
[SourceVersion "1"]
[SourceVersionDate "2008.05.06"]
[SourceQuality "1"]

1. e4 c6 2. d4 d5 3. Nc3 g6 4. Nf3 Bg4 5. Be2 Bg7 6. Be3 Nf6 7. e5 Nfd7 8. Qd2 Bxf3 9. Bxf3 e6 10. h4 h5 11. Ne2 b5 12. Bg5 Qb6 13. g4 hxg4 14. Bxg4 c5 15. 0-0-0 cxd4 16. f4 Nc6 17. h5 gxh5 18. Rxh5 Rxh5 19. Bxh5 Nc5 20. Ng3 Bf8 21. Kb1 a5 22. f5 Ra7 23. fxe6 Nxe6 24. Nf5 Nxe5 25. Qe2 Nxg5 26. Qxe5+ Ne6 27. Nxd4 Re7 28. Nf5 Rd7 29. Qf6 1-0

[Event "Carlos Torre Memorial op 20th"]
[Site "Merida"]
[Date "2007.12.16"]
[Round "2"]
[White "Gonzalez Arroyo, Lenin"]
[Black "Cordova, Emilio"]
[Result "0-1"]
[WhiteElo "2193"]
[BlackElo "2493"]
[PlyCount "88"]
[EventDate "2007.12.15"]
[EventType "swiss"]
[EventRounds "9"]
[EventCountry "MEX"]
[SourceTitle "CBM 121 Extra"]
[Source "ChessBase"]
[SourceDate "2008.01.10"]
[SourceVersion "1"]
[SourceVersionDate "2008.01.10"]
[SourceQuality "1"]

1. e4 c5 2. Nf3 a6 3. c3 e6 4. d4 d5 5. exd5 exd5 6. Be3 cxd4 7. Nxd4 Bd6 8. Bd3 Ne7 9. Nd2 Nd7 10. N2f3 Nc5 11. 0-0 Nxd3 12. Qxd3 h6 13. Rfe1 0-0 14. Rad1 Bd7 15. Qd2 Ng6 16. Ne2 Ne7 17. Ned4 Ng6 18. Ne2 Ba4 19. b3 Bc6 20. c4 a5 21. c5 Bc7 22. Nc3 Qd7 23. Qd4 Rad8 24. a3 f6 25. b4 Ne5 26. Nd2 Ba4 27. Nxa4 Qxa4 28. Nb1 Nc6 29. Qg4 f5 30. Qf3 axb4 31. axb4 Qxb4 32. Qe2 f4 33. Bc1 f3 34. Qe6+ Kh8 35. g3 Rf6 36. Qh3 Kg8 37. Ba3 Qb3 38. Rc1 d4 39. Qg4 d3 40. Qc4+ Qxc4 41. Rxc4 d2 42. Rd1 Re6 43. Kf1 Ba5 44. Nc3 Rde8 0-1

[Event "MEX-ch"]
[Site "Pachuca"]
[Date "2007.11.08"]
[Round "2"]
[White "Hernandez, Edgardo1"]
[Black "Gonzalez Arroyo, Lenin"]
[Result "1-0"]
[WhiteElo "2361"]
[BlackElo "2193"]
[PlyCount "59"]
[EventDate "2007.11.08"]
[EventType "swiss"]
[EventRounds "6"]
[EventCountry "MEX"]
[SourceTitle "EXT 2024"]
[Source "ChessBase"]
[SourceDate "2023.10.10"]
[SourceVersion "1"]
[SourceVersionDate "2023.10.10"]
[SourceQuality "1"]

1. e4 e5 2. Nf3 Nc6 3. Bb5 a6 4. Ba4 Nf6 5. d3 d6 6. c3 Be7 7. 0-0 0-0 8. Re1 b5 9. Bb3 Na5 10. Bc2 c5 11. a4 b4 12. Nbd2 Rb8 13. Nf1 bxc3 14. bxc3 Qc7 15. Ne3 Re8 16. d4 cxd4 17. cxd4 Nc6 18. Ba3 Bg4 19. Nxg4 Nxg4 20. h3 Nf6 21. Rc1 Qa7 22. d5 Nb4 23. Bb3 Nd7 24. Bc4 Rec8 25. Qd2 Qb6 26. Qe2 Qa5 27. Ra1 Nc5 28. Reb1 Qxa4 29. Ne1 Nc6 30. Bxc5 1-0

[Event "Mexican op 53rd"]
[Site "Aguascalientes"]
[Date "2007.04.04"]
[Round "2"]
[White "Gonzalez Arroyo, Lenin"]
[Black "Bruzon Batista, Lazaro"]
[Result "0-1"]
[WhiteElo "2183"]
[BlackElo "2620"]
[PlyCount "45"]
[EventDate "2007.04.03"]
[EventType "swiss"]
[EventRounds "9"]
[EventCountry "MEX"]
[SourceTitle "CBM 117 Extra"]
[Source "ChessBase"]
[SourceDate "2007.05.09"]
[SourceVersion "1"]
[SourceVersionDate "2007.05.09"]
[SourceQuality "1"]

1. e4 c5 2. c3 Nf6 3. e5 Nd5 4. d4 cxd4 5. Nf3 e6 6. cxd4 b6 7. Nc3 Nxc3 8. bxc3 Qc7 9. Bd2 Bb7 10. Bd3 d6 11. 0-0 Nd7 12. Re1 dxe5 13. Nxe5 Nxe5 14. Rxe5 Bd6 15. Rh5 g6 16. Rh3 Bf4 17. Bb5+ Kf8 18. Qc1 Bxd2 19. Qxd2 h5 20. Re1 Rd8 21. Ba4 Kg7 22. Bb3 b5 23. Re5 0-1

[Event "Carlos Torre Memorial op 19th"]
[Site "Merida"]
[Date "2006.12.14"]
[Round "1"]
[White "Milov, Vadim"]
[Black "Gonzalez Arroyo, Lenin"]
[Result "1-0"]
[WhiteElo "2657"]
[BlackElo "2174"]
[PlyCount "79"]
[EventDate "2006.12.14"]
[EventType "swiss"]
[EventRounds "9"]
[EventCountry "MEX"]
[SourceTitle "CBM 115 Extra"]
[Source "ChessBase"]
[SourceDate "2007.01.10"]
[SourceVersion "1"]
[SourceVersionDate "2007.01.10"]
[SourceQuality "1"]

1. d4 Nf6 2. c4 e5 3. dxe5 Ng4 4. e3 Nxe5 5. Nh3 d6 6. Nf4 Nbd7 7. Be2 Nf6 8. Nc3 c6 9. 0-0 Be7 10. b3 0-0 11. Qd2 Qc7 12. Bb2 Bf5 13. f3 Rad8 14. e4 Bc8 15. Kh1 Rfe8 16. Nd3 Ng6 17. f4 d5 18. cxd5 cxd5 19. e5 Ne4 20. Qe1 f5 21. Rc1 Qa5 22. a4 Kh8 23. Nb5 Qxe1 24. Rfxe1 Bd7 25. Rc7 a6 26. Nd4 Bc8 27. g3 Nf8 28. Rec1 Ne6 29. Nxe6 Bxe6 30. Bd4 Rd7 31. Kg2 Kg8 32. Ne1 Nd2 33. Bd1 Kf7 34. Rxd7 Bxd7 35. Rc7 Bc6 36. Nd3 Ne4 37. Nb4 Rb8 38. Nxc6 bxc6 39. Rxc6 Nd2 40. Rxa6 1-0

[Event "MEX-ch op 52nd "]
[Site "Mexico City"]
[Date "2006.04.15"]
[Round "8"]
[White "Garmendez Gonzalez, Carlos"]
[Black "Gonzalez Arroyo, Lenin"]
[Result "1/2-1/2"]
[WhiteElo "2198"]
[BlackElo "2126"]
[PlyCount "75"]
[EventDate "2006.04.11"]
[EventType "swiss"]
[EventRounds "9"]
[EventCountry "MEX"]
[SourceTitle "EXT 2007"]
[Source "ChessBase"]
[SourceDate "2006.11.23"]
[SourceVersion "1"]
[SourceVersionDate "2006.11.23"]
[SourceQuality "1"]

1. e4 e5 2. Nf3 Nc6 3. Bb5 a6 4. Bxc6 dxc6 5. d4 exd4 6. Qxd4 Qxd4 7. Nxd4 Bd7 8. Be3 0-0-0 9. Nc3 Re8 10. 0-0-0 Bb4 11. Nde2 f5 12. exf5 Bxf5 13. Bd4 Nf6 14. Ng3 Bg6 15. a3 Bd6 16. Rde1 Bf4+ 17. Kb1 Rhg8 18. f3 b6 19. Bf2 Rd8 20. Rd1 Nd5 21. Nxd5 cxd5 22. Rhe1 Rge8 23. h4 c5 24. Ne2 Be3 25. Bxe3 Rxe3 26. Nf4 Rxe1 27. Rxe1 Bf7 28. Kc1 Kd7 29. Kd2 a5 30. Re5 Kd6 31. Re1 b5 32. c3 a4 33. Nd3 Rb8 34. g4 Bg6 35. Nf4 Bf7 36. Nd3 Bg6 37. Nf4 Bf7 38. Nd3 1/2-1/2

[Event "MEX-ch op 52nd "]
[Site "Mexico City"]
[Date "2006.04.13"]
[Round "4"]
[White "Rodriguez Quintana, David"]
[Black "Gonzalez Arroyo, Lenin"]
[Result "1-0"]
[WhiteElo "2292"]
[BlackElo "2126"]
[PlyCount "71"]
[EventDate "2006.04.11"]
[EventType "swiss"]
[EventRounds "9"]
[EventCountry "MEX"]
[SourceTitle "EXT 2007"]
[Source "ChessBase"]
[SourceDate "2006.11.23"]
[SourceVersion "1"]
[SourceVersionDate "2006.11.23"]
[SourceQuality "1"]

1. e4 e5 2. Nf3 Nc6 3. Bc4 Be7 4. d4 d6 5. d5 Nb8 6. h3 f5 7. Nc3 Nf6 8. exf5 Bxf5 9. Be3 0-0 10. g4 Bc8 11. Nd2 c6 12. Nde4 Nxe4 13. Nxe4 Kh8 14. Qd2 b5 15. Bb3 a5 16. dxc6 Nxc6 17. Bd5 Bb7 18. Ng3 Qc7 19. c3 b4 20. 0-0 Rac8 21. Rac1 Qd7 22. c4 Bf6 23. Nh5 Bh4 24. Qd3 Rce8 25. Qe4 Re7 26. Ng3 g6 27. c5 Rf6 28. Rfd1 dxc5 29. Bxc5 Re8 30. Be3 Rd6 31. Kg2 Ne7 32. Bxb7 Rxd1 33. Rxd1 Qxd1 34. Qxe5+ Kg8 35. Bd4 Kf7 36. Ne4 1-0